The emotional brain : (Record no. 117018)

MARC details
000 -LEADER
campo de control de longitud fija 01130cam a2200301 a 4500
001 - NÚMERO DE CONTROL
campo de control 3524912
003 - IDENTIFICADOR DE NÚMERO DE CONTROL
campo de control BJBSDDR
005 - FECHA Y HORA DE LA ÚLTIMA TRANSACCIÓN
campo de control 20230411090822.0
007 - CAMPO FIJO DE DESCRIPCIÓN FÍSICA--INFORMACIÓN GENERAL
campo de control de longitud fija ta
008 - DATOS DE LONGITUD FIJA--INFORMACIÓN GENERAL
campo de control de longitud fija 960524s1996 nyua b 001 0 eng
010 ## - NÚMERO DE CONTROL DE LA BIBLIOTECA DEL CONGRESO
Número de control de LC 96024676
020 ## - NÚMERO INTERNACIONAL ESTÁNDAR DEL LIBRO
Número Internacional Estándar del Libro 0684803828
040 ## - FUENTE DE CATALOGACIÓN
Centro catalogador/agencia de origen DLC
Centro/agencia transcriptor DLC
Centro/agencia modificador DLC
Lengua de catalogación spa
041 ## - CÓDIGO DE IDIOMA
Código de lengua del texto/banda sonora o título independiente eng
050 00 - SIGNATURA TOPOGRÁFICA DE LA BIBLIOTECA DEL CONGRESO
Número de clasificación QP401
Número de ítem L474 1996
082 00 - NÚMERO DE LA CLASIFICACIÓN DECIMAL DEWEY
Número de clasificación 152.4
Número de edición 20
100 1# - ENTRADA PRINCIPAL--NOMBRE DE PERSONA
Nombre de persona LeDoux, Joseph E.,
9 (RLIN) 24850
Fechas asociadas al nombre 1949-
245 04 - MENCIÓN DEL TÍTULO
Título The emotional brain :
Resto del título the mysterious underpinnings of emotional life /
Mención de responsabilidad, etc. Joseph LeDoux.
260 ## - PUBLICACIÓN, DISTRIBUCIÓN, ETC.
Lugar de publicación, distribución, etc. New York :
Nombre del editor, distribuidor, etc. Simon & Schuster,
Fecha de publicación, distribución, etc. c1996.
300 ## - DESCRIPCIÓN FÍSICA
Extensión 384 p. :
Otras características físicas ill. ;
Dimensiones 24 cm.
504 ## - NOTA DE BIBLIOGRAFÍA, ETC.
Nota de bibliografía, etc. Includes bibliographical references and index.
520 ## - RESUMEN, ETC.
Sumario, etc. The Emotional Brain investigates the origins of human emotions and explains that many exist as part of complex neural systems that evolved to enable us to survive
650 #0 - PUNTO DE ACCESO ADICIONAL DE MATERIA--TÉRMINO DE MATERIA
Término de materia o nombre geográfico como elemento de entrada Emotions
Subdivisión general Physiological aspects.
650 #0 - PUNTO DE ACCESO ADICIONAL DE MATERIA--TÉRMINO DE MATERIA
Término de materia o nombre geográfico como elemento de entrada Neuropsychology.
906 ## - ELEMENTOS DE DATOS F LOCAL, LDF (RLIN)
a 7
b cbc
c orignew
d 1
e ocip
f 19
g y-gencatlg
942 ## - ELEMENTOS DE ENTRADA SECUNDARIOS (KOHA)
Fuente del sistema de clasificación o colocación Clasificación de Library of Congress
Tipo de ítem Koha Libro
Holdings
Estatus retirado Estado de pérdida Fuente del sistema de clasificación o colocación Estado de daño No para préstamo Colección Biblioteca de origen Biblioteca actual Ubicación en estantería Fecha de adquisición Signatura topográfica completa Código de barras Visto por última vez Copia número Tipo de ítem Koha
    Clasificación de Library of Congress     Automatización y Procesos Técnicos Biblioteca Juan Bosch Biblioteca Juan Bosch Automatización y Procesos Técnicos (1er. Piso) 15/09/2022 QP401 L474 1996 00000165207 15/09/2022 1 Libro